000 00644nam a2200241Ia 4500
003 OSt
005 20220918192002.0
006 a|||||r|||| 00| 0
007 ta
008 220917b |||||||| |||| 00| 0 eng d
024 _a66,397
037 _cTextual
040 _aARTS
_cARTS
_beng
041 _2eng
_aeng
082 _aR2, K6-;1
100 _aChisholm Roderick M
_921625
245 0 _aTheory of knowledge
260 _aEnglewood
_bCliffs Prentice Hall
_c1966
490 _aFoundations of philosophy series
650 _aPHILOSOPHY
942 _hR2, K6-;1
_cTEXL
_2CC
999 _c192630
_d192630